000 00774nam a2200205 i 4500
001 12895
003 ES-MaACL
005 20250721062554.0
007 t|
008 960920s1995 sp ||||0| spa
080 _a33(081) Zumalacarregui y Prat, José María
100 1 _aZumalacárregui y Prat, José María.
_9118485
245 1 0 _aTextos seleccionados /
_cJosé María Zumalacárregui y Prat.
260 _a[Madrid] :
_bFundación Fondo para la Investigación Económica y Social, Obra Social de la Confederación Española de Cajas de Ahorros,
_c[1995]
300 _a573 p. ;
_c24 cm.
650 1 7 _aEconomía
_2embne
_912006
710 2 _aFundación Fondo para la Investigación Económica y Social.
_94305
852 _aES-MaACL
_jL-20215
999 _c12895
_d12895